Logo BPK

Biblioteka

Politechniki Koszalińskiej

Longman dictionary of contemporary English : (Rekord nr 48324)

Szczegóły MARC
000 -ETYKIETA REKORDU
podpole kontrolne o stałej długości 00708nam a2200229 i 4500
001 - NUMER KONTROLNY REKORDU
pole kontrolne bgj
020 ## - MIĘDZYNARODOWY ZNORMALIZOWANY NUMER KSIĄŻKI - ISBN
ISBN 0582456320 (fxbk)
040 ## - ŹRÓDŁO KATALOGOWANIA
Instytucja, która utworzyła rekord BPK
041 0# - KOD JĘZYKA
Kod języka tekstu eng
920 ## - Międzynarodowy znormalizowany numer książki – ISBN
ISBN 0-582-45632-0 (fxbk)
008 - POLE O STAŁEJ DŁUGOŚCI - DANE KONTROLNE
podpole kontrolne o stałej długości s uk f |000 0 eng
245 00 - TYTUŁ/ODPOWIEDZIALNOŚĆ
Tytuł Longman dictionary of contemporary English :
Ciąg dalszy tytułu third editions with new words supplement /
Pozostałe elementy strefy tytułu i oznaczenia odpowiedzialności director Della Summers.
250 ## - STREFA WYDANIA
Oznaczenie wydania 3rd edition.
260 ## - STREFA ADRESU WYDAWNICZEGO
Miejsce wydania Harlow, England :
Nazwa wydawcy/dystrybutora Longman,
Data publikacji, dystrybucji/powstania dokumentu 2001.
300 ## - STREFA OPISU FIZYCZNEGO
Objętość XXIV, 1668, 86 :
Inne cechy fizyczne ill. ;
Rozmiary 22 cm.
500 ## - UWAGI OGÓLNE
Tekst uwagi 1st published in 1978.
650 #9 - HASŁO PRZEDMIOTOWE W FORMIE NAZWY OGÓLNEJ LUB JEDNOSTKOWEJ
Nazwa ogólna lub geograficzna English language
650 #9 - HASŁO PRZEDMIOTOWE W FORMIE NAZWY OGÓLNEJ LUB JEDNOSTKOWEJ
Nazwa ogólna lub geograficzna English language
Określnik ogólny Terms and phrases
655 ## - TERMIN INDEKSOWY - OKREŚLENIE RODZAJU/FORMY DOKUMENTU
Określenie rodzaju/formy dokumentu Dictionaries
700 1# - HASŁO DODATKOWE - NAZWA OSOBOWA
Nazwa osobowa SUMMERS, Della.
Określenie związku między hasłem a opisywanym materiałem director
856 ## - LOKALIZACJA I DOSTĘP DO ELEKTRONICZNYCH DOKUMENTÓW ZDALNYCH
Link (URL) http://koha.tu.koszalin.pl/cgi-bin/koha/opac-detail.pl?biblionumber=48324
Tekst linku Katalog online BPK
942 ## - DODATKOWE ELEMENTY (KOHA)
Typ dokumentu Książka
Egzemplarze
Wycofany Status egzemplarza Uszkodzony Dostępność Lokalizacja stała Lokalizacja bieżąca Miejsce przechowywania Sygnatura Kod kreskowy Ostatnio wypożyczono Typ dokumentu
      Dostępny Biblioteka Politechniki Koszalińskiej Biblioteka Politechniki Koszalińskiej Wypożyczalnia Językowa KA 5566 09086449 05.12.2024 Książka
© 2023 Biblioteka Politechniki Koszalińskiej :: KOHA